[Event "C.to Regionale Piemonte"]
[Site "Torino ITA"]
[Date "2004.04.??"]
[Round "4"]
[White "Lissandrello, Luca"]
[Black "Racioppo, Paolo"]
[Result "0-1"]
[WhiteElo "1598"]
[BlackElo "2218"]
[PlyCount "90"]
[EventDate "2004.04.21"]

1. e4 c5 2. c3 g6 3. Bc4 Bg7 4. Nf3 Qc7 5. d3 e6 6. g3 Nc6 7. Bf4 d6 8. O-O h6
9. Re1 Nge7 10. a4 g5 11. Be3 Ng6 12. Na3 a6 13. d4 b6 14. d5 Nce5 15. Nxe5
Nxe5 16. dxe6 fxe6 17. Qh5+ Qf7 18. Qxf7+ Kxf7 19. Be2 Bb7 20. f3 d5 21. exd5
exd5 22. f4 gxf4 23. Bxf4 h5 24. Bxa6 Nf3+ 25. Kf2 Rxa6 26. Kxf3 d4+ 27. Ke2
dxc3 28. b3 Bd5 29. Rab1 Raa8 30. Kd3 Be6 31. Be5 Bf5+ 32. Kxc3 Bxe5+ 33. Rxe5
Bxb1 34. Nxb1 Kf6 35. Rd5 Ke6 36. Kc4 Rad8 37. Nc3 h4 38. Rxd8 Rxd8 39. Ne2 Rd2
40. Nf4+ Kf5 41. Nd5 Rd4+ 42. Kb5 Rxd5 43. Kxb6 h3 44. a5 Rd2 45. Kxc5 Rxh2 0-1

[Event "C.to Regionale Piemonte"]
[Site "Torino ITA"]
[Date "2004.04.??"]
[Round "4"]
[White "Pepino, Enrico"]
[Black "D'Ingiullo, Roberto"]
[Result "0-1"]
[WhiteElo "2074"]
[BlackElo "2132"]
[PlyCount "58"]
[EventDate "2004.04.21"]

1. e4 d5 2. exd5 Nf6 3. d4 Bg4 4. Be2 Bxe2 5. Qxe2 Qxd5 6. Nf3 e6 7. O-O Bd6 8.
c4 Qh5 9. Nc3 O-O 10. h3 c6 11. Bg5 Nbd7 12. Rad1 h6 13. Bxf6 Nxf6 14. Ne4 Nxe4
15. Qxe4 Rad8 16. Rd3 Rfe8 17. Rfd1 Bc7 18. Ne5 Bxe5 19. Qxe5 Qh4 20. Rg3 g6
21. Rdd3 Qe7 22. Rdf3 Qd6 23. Qe4 Qxd4 24. Rxg6+ fxg6 25. Qxg6+ Qg7 26. Qh5 Kh8
27. Rg3 Qf6 28. h4 Rg8 29. Rf3 Qg6 0-1

[Event "C.to Regionale Piemonte"]
[Site "Torino ITA"]
[Date "2004.04.??"]
[Round "4"]
[White "Ranieri, Fabrizio"]
[Black "Nardelli, Marco"]
[Result "1/2-1/2"]
[WhiteElo "2216"]
[BlackElo "1959"]
[PlyCount "120"]
[EventDate "2004.04.21"]

1. e4 c5 2. Nf3 Nc6 3. d4 cxd4 4. Nxd4 Nf6 5. Nc3 e5 6. Ndb5 d6 7. Bg5 a6 8.
Na3 b5 9. Bxf6 gxf6 10. Nd5 Bg7 11. Bd3 Ne7 12. Nxe7 Qxe7 13. c3 f5 14. O-O O-O
15. Nc2 d5 16. exf5 e4 17. Be2 Rd8 18. Ne3 d4 19. cxd4 Rxd4 20. Qc2 Bb7 21. Bg4
Qe5 22. Rac1 Rc8 23. Qb3 Rcd8 24. Qc3 Qf4 25. g3 Qg5 26. h4 Qh6 27. Qc7 R4d7
28. Qc2 Be5 29. Rfe1 Rd2 30. Qc5 Qg7 31. Qb6 f6 32. Rcd1 R8d6 33. Rxd2 Rxb6 34.
Rd8+ Qf8 35. Rxf8+ Kxf8 36. b3 Rd6 37. Rd1 Rxd1+ 38. Bxd1 Ke7 39. Kf1 Kd6 40.
Ke2 Bd4 41. Ng4 b4 42. Bc2 a5 43. Ne3 Bxe3 44. Kxe3 Ke5 45. g4 h6 46. Bd1 Bc6
47. f4+ exf3 48. Bxf3 Bd7 49. Bb7 Bb5 50. Be4 Bd7 51. Bf3 Bb5 52. Bb7 Bd7 53.
Kf3 Bb5 54. Be4 Bd7 55. Bd3 Bc6+ 56. Ke3 Bd7 57. Bc4 Bc6 58. Ba6 Be4 59. g5
fxg5 60. hxg5 hxg5 1/2-1/2

[Event "C.to Regionale Piemonte"]
[Site "Torino ITA"]
[Date "2004.04.??"]
[Round "4"]
[White "Vinciguerra, Marco"]
[Black "Mori, Andrea"]
[Result "1/2-1/2"]
[WhiteElo "2139"]
[BlackElo "2100"]
[PlyCount "49"]
[EventDate "2004.04.21"]

1. e4 c5 2. Nf3 e6 3. d4 cxd4 4. c3 Nf6 5. e5 Nd5 6. c4 Nb6 7. Nxd4 d5 8. cxd5
Qxd5 9. Bb5+ Bd7 10. Nc3 Bb4 11. Bxd7+ N8xd7 12. O-O Bxc3 13. bxc3 Nxe5 14. f4
Nec4 15. f5 e5 16. Qe2 O-O-O 17. Nb3 f6 18. a4 Qd3 19. Qa2 Qxc3 20. Ba3 Kb8 21.
a5 Na4 22. Rf3 Rd3 23. Bb4 Qxb4 24. Rxd3 Nab2 25. Rd7 1/2-1/2

[Event "C.to Regionale Piemonte"]
[Site "Torino ITA"]
[Date "2004.04.??"]
[Round "5"]
[White "Faraoni, Enrico"]
[Black "Nardelli, Marco"]
[Result "0-1"]
[WhiteElo "2178"]
[BlackElo "1959"]
[PlyCount "84"]
[EventDate "2004.04.21"]

1. f4 c5 2. e4 Nc6 3. Nc3 g6 4. Nf3 Bg7 5. Bc4 e6 6. O-O Nge7 7. Qe1 O-O 8. d3
d5 9. Bb3 Nd4 10. Nxd4 cxd4 11. Ne2 dxe4 12. dxe4 d3 13. Ng3 a5 14. f5 exf5 15.
Bg5 f4 16. Rxf4 a4 17. Bd5 Qb6+ 18. Kh1 Nxd5 19. exd5 Qxb2 20. Rb1 d2 21. Qd1
Qe5 22. Qxd2 Qxg5 23. Ne4 Qe5 24. Rh4 Bf5 25. Ng5 h6 26. Nf3 Qc3 27. Qf4 Rae8
28. Rf1 Re4 29. Qg3 Rfe8 30. d6 Rxh4 31. Qxh4 Qc6 32. Rd1 g5 33. Qf2 Qxc2 34.
Qf1 Qc6 35. h4 Bg4 36. hxg5 Bxf3 37. gxf3 hxg5 38. d7 Rd8 39. Qd3 g4 40. Kg1
Qxf3 41. Qd6 Be5 42. Qd2 Bf4 0-1

[Event "C.to Regionale Piemonte"]
[Site "Torino ITA"]
[Date "2004.04.??"]
[Round "5"]
[White "Racioppo, Paolo"]
[Black "Ranieri, Fabrizio"]
[Result "1-0"]
[WhiteElo "2218"]
[BlackElo "2216"]
[PlyCount "103"]
[EventDate "2004.04.21"]

1. f4 d5 2. d3 c5 3. Nf3 Nc6 4. g3 Bg4 5. Bg2 Nf6 6. Nc3 e6 7. O-O Be7 8. h3
Bxf3 9. Bxf3 Qb6 10. e3 Rc8 11. Ne2 O-O 12. g4 c4 13. d4 a5 14. c3 Qc7 15. Bd2
b5 16. Qe1 b4 17. g5 Nd7 18. Bg4 bxc3 19. bxc3 Qd6 20. Ng3 f5 21. gxf6 Nxf6 22.
e4 Nxg4 23. hxg4 Bh4 24. e5 Qa3 25. Kg2 Qb2 26. Rh1 Bxg3 27. Kxg3 Qc2 28. Rh2
Rb8 29. Be3 Qe4 30. Rd1 g5 31. Rf2 gxf4+ 32. Bxf4 Qg6 33. Qh1 Ne7 34. Qh3 Rb1
35. Rxb1 Qxb1 36. Qf1 Qg6 37. Kh2 Qf7 38. Be3 Qg7 39. Rf6 Ng6 40. g5 Rxf6 41.
gxf6 Qb7 42. Bc1 Qf7 43. Qh3 Kh8 44. Bh6 Kg8 45. Qg2 Qb7 46. Qc2 Kf7 47. Kg3
Qb5 48. Bc1 Nf8 49. Be3 Ng6 50. Qh2 Kg8 51. f7+ Kg7 52. Qf2 1-0

[Event "C.to Regionale Piemonte"]
[Site "Torino ITA"]
[Date "2004.04.??"]
[Round "5"]
[White "Ragni, Paolo"]
[Black "Giacometto, Mario"]
[Result "1-0"]
[WhiteElo "2093"]
[BlackElo "1871"]
[PlyCount "80"]
[EventDate "2004.04.21"]

1. e4 Nf6 2. e5 Nd5 3. d4 d6 4. Nf3 dxe5 5. Nxe5 Nd7 6. Be2 Nxe5 7. dxe5 Bf5 8.
c4 Nb6 9. O-O Qxd1 10. Rxd1 e6 11. Nc3 Be7 12. Nb5 O-O 13. Be3 c5 14. b3 Rfc8
15. Bf3 Rab8 16. Nxa7 Rc7 17. Nb5 Rcc8 18. Nd6 Rc7 19. Rd2 g5 20. g4 Bg6 21.
Rad1 f5 22. exf6 Bxf6 23. Nb5 Rf7 24. Kg2 Be7 25. Nd6 Bxd6 26. Rxd6 Rbf8 27.
Be2 Be4+ 28. Kg1 Bc6 29. Rxe6 Nd7 30. h3 Ra8 31. Rd2 Nf8 32. Red6 Ng6 33. Rd8+
Rxd8 34. Rxd8+ Kg7 35. Bxc5 Rf4 36. Be3 Re4 37. Kf1 Nf4 38. Bxf4 gxf4 39. Bf3
Kf6 40. Bxe4 Bxe4 1-0

[Event "C.to Regionale Piemonte"]
[Site "Torino ITA"]
[Date "2004.04.??"]
[Round "5"]
[White "Sorcinelli, Francesco"]
[Black "Ratti, Marco"]
[Result "1/2-1/2"]
[WhiteElo "2082"]
[BlackElo "1931"]
[PlyCount "102"]
[EventDate "2004.04.21"]

1. Nc3 f5 2. d4 Nf6 3. Bg5 e6 4. f3 Be7 5. h4 h6 6. Be3 Nc6 7. Qd2 Bb4 8. Bf2
d5 9. O-O-O a6 10. a3 Bd6 11. e4 dxe4 12. fxe4 fxe4 13. Qe2 Qe7 14. Nxe4 Nxe4
15. Qxe4 Qf6 16. Nf3 Qf4+ 17. Qxf4 Bxf4+ 18. Kb1 O-O 19. Bc4 Kh8 20. Rhe1 e5
21. dxe5 Bg4 22. e6 Bd6 23. Re3 Bxf3 24. gxf3 Ne5 25. Rxe5 Bxe5 26. Rd7 Bf6 27.
Bb3 Rac8 28. h5 b6 29. Bg3 c5 30. Bd5 Rfd8 31. Rxd8+ Rxd8 32. c4 b5 33. b3 Be7
34. Kc2 Rf8 35. cxb5 axb5 36. a4 bxa4 37. bxa4 Rf5 38. Be4 Rxh5 39. a5 c4 40.
Bc7 Rc5 41. Bb6 Rb5 42. Bb7 Rxb6 43. axb6 Kg8 44. Bd5 Kf8 45. b7 Bd6 46. Bxc4
Ke7 47. Bd5 h5 48. Kd3 h4 49. Ke3 g5 50. Kf2 h3 51. Kg1 Bf4 1/2-1/2

[Event "C.to Regionale Piemonte"]
[Site "Torino ITA"]
[Date "2004.04.??"]
[Round "5"]
[White "Xausa, Flavio"]
[Black "Castaldo, Folco"]
[Result "0-1"]
[WhiteElo "1880"]
[BlackElo "2329"]
[PlyCount "110"]
[EventDate "2004.04.21"]

1. e4 c5 2. Nf3 Nc6 3. Bb5 e6 4. Bxc6 bxc6 5. e5 Ba6 6. d3 c4 7. dxc4 Bxc4 8.
Nbd2 Qa5 9. b3 Ba6 10. c4 d5 11. exd6 Bxd6 12. Bb2 Nf6 13. O-O Rd8 14. Qc2 Qh5
15. Ne4 Be7 16. Rad1 O-O 17. Rxd8 Rxd8 18. Nxf6+ gxf6 19. Rd1 Qa5 20. Rxd8+
Qxd8 21. Qd2 Qxd2 22. Nxd2 f5 23. Bd4 c5 24. Be3 Bb7 25. Nf3 f6 26. Ne1 Be4 27.
f3 Bb1 28. a3 a6 29. Kf2 Kf7 30. Ke2 Ba2 31. Kd2 Bxb3 32. Kc3 Ba4 33. Nd3 Bc6
34. Bxc5 Bd8 35. Nf2 Bc7 36. h3 e5 37. Kd3 Ke6 38. Bb4 Bb6 39. Ke2 e4 40. Bc3
Bc5 41. Bb4 Bd4 42. Bd2 Kd6 43. Bb4+ Ke5 44. Bd2 Bb2 45. Bb4 Kd4 46. Be7 Kxc4
47. Nd1 Bc1 48. Ne3+ Kb3 49. Nxf5 exf3+ 50. gxf3 Bd7 51. Nd4+ Kc4 52. Bxf6 Bxh3
53. Nc2 Bd7 54. Kd1 Bf4 55. Be7 Ba4 0-1

[Event "C.to Regionale Piemonte"]
[Site "Torino ITA"]
[Date "2004.04.??"]
[Round "6"]
[White "Castaldo, Folco"]
[Black "Diana, Riccardo"]
[Result "1-0"]
[WhiteElo "2329"]
[BlackElo "2112"]
[PlyCount "89"]
[EventDate "2004.04.21"]

1. c4 c5 2. Nc3 Nc6 3. g3 g6 4. Bg2 Bg7 5. a3 Nf6 6. Rb1 a5 7. d3 O-O 8. Nh3 d6
9. Nf4 Bd7 10. Bd2 Rb8 11. h4 h5 12. Qc1 Nd4 13. b3 b5 14. e3 bxc4 15. exd4
cxd4 16. dxc4 dxc3 17. Bxc3 Bf5 18. Rb2 Ne4 19. Bxg7 Kxg7 20. O-O Kg8 21. Qe3
Nc5 22. Rd1 Re8 23. Bc6 Bd7 24. Be4 e6 25. Bf3 Qe7 26. Qc3 Rec8 27. Rdb1 Bc6
28. Bxc6 Rxc6 29. Qxa5 Ra6 30. Qd2 Rxa3 31. b4 Ne4 32. Qd4 Nc3 33. Re1 e5 34.
Qd2 Qc7 35. Nd5 Nxd5 36. Qxd5 Ra4 37. Reb1 Rc8 38. Rc2 Rb8 39. b5 Qb6 40. c5
dxc5 41. Rxc5 e4 42. Rc6 Qd4 43. Rxg6+ Kf8 44. Qxd4 Rxd4 45. Rh6 1-0

[Event "C.to Regionale Piemonte"]
[Site "Torino ITA"]
[Date "2004.04.??"]
[Round "6"]
[White "Fortino, Fabrizio"]
[Black "Sorcinelli, Francesco"]
[Result "1-0"]
[WhiteElo "1910"]
[BlackElo "2082"]
[PlyCount "89"]
[EventDate "2004.04.21"]

1. e4 g6 2. d4 Bg7 3. f4 c5 4. Nf3 cxd4 5. Nxd4 Nc6 6. Nxc6 bxc6 7. Nc3 Rb8 8.
Bc4 Qb6 9. Qd3 d6 10. Rb1 Qd4 11. Bd2 Qxd3 12. Bxd3 Bd4 13. Nd1 Be6 14. Bc3 c5
15. Bxd4 cxd4 16. b3 Nf6 17. c3 dxc3 18. Nxc3 O-O 19. O-O Rfc8 20. Rbc1 a5 21.
f5 Bd7 22. Bc4 gxf5 23. exf5 a4 24. Rce1 Kf8 25. Nd5 Nxd5 26. Bxd5 Rc5 27. Be4
axb3 28. axb3 Rxb3 29. f6 e5 30. Bxh7 Bc6 31. Rf5 Rb2 32. Rg5 Ke8 33. Bf5 Kd8
34. h4 Kc7 35. h5 Rb4 36. Rg7 Bd5 37. h6 Rh4 38. h7 Rcc4 39. Rg8 Rcf4 40. Rc8+
Kb6 41. Rb1+ Ka5 42. Rc7 Bc4 43. Ra7+ Ba6 44. Ra1+ Kb4 45. R7xa6 1-0

[Event "C.to Regionale Piemonte"]
[Site "Torino ITA"]
[Date "2004.04.??"]
[Round "6"]
[White "Gussone, Claudio"]
[Black "D'Ingiullo, Roberto"]
[Result "0-1"]
[WhiteElo "1918"]
[BlackElo "2132"]
[PlyCount "74"]
[EventDate "2004.04.21"]

1. Nf3 Nf6 2. g3 g6 3. d4 Bg7 4. c4 d6 5. Bg2 O-O 6. O-O c6 7. Nc3 Nbd7 8. Bf4
Nh5 9. Bg5 h6 10. Bd2 Qc7 11. Qc1 Kh7 12. g4 Nhf6 13. g5 hxg5 14. Nxg5+ Kg8 15.
Qc2 e5 16. dxe5 Nxe5 17. b3 Bf5 18. e4 Bd7 19. h3 Bc8 20. f4 Qb6+ 21. Kh1 Nh5
22. Be1 Qe3 23. Rd1 Nxf4 24. Bf2 Nxg2 25. Bxe3 Nxe3 26. Qe2 Nxd1 27. Nxd1 Bh6
28. Qg2 Bd7 29. Rf6 Rad8 30. Ne3 Kg7 31. Rf1 Rh8 32. Nf5+ gxf5 33. exf5 Rdg8
34. h4 Kf8 35. Kg1 f6 36. Qd2 Nf7 37. Kf2 Bxg5 0-1

[Event "C.to Regionale Piemonte"]
[Site "Torino ITA"]
[Date "2004.04.??"]
[Round "6"]
[White "Nardelli, Marco"]
[Black "Ragni, Paolo"]
[Result "1-0"]
[WhiteElo "1959"]
[BlackElo "2093"]
[PlyCount "57"]
[EventDate "2004.04.21"]

1. d4 Nf6 2. c4 e6 3. Nc3 Bb4 4. Qc2 c5 5. e3 Nc6 6. Nf3 O-O 7. a3 Bxc3+ 8.
Qxc3 d6 9. Be2 Re8 10. O-O Qc7 11. b4 b6 12. Bb2 a5 13. b5 Ne7 14. dxc5 bxc5
15. Ng5 Bb7 16. Bd3 Ng6 17. Ne4 e5 18. Nxf6+ gxf6 19. Rad1 Kh8 20. f3 Rg8 21.
Be4 Nh4 22. g3 Bxe4 23. fxe4 Qd7 24. Qe1 Qh3 25. Qf2 Rxg3+ 26. hxg3 Rg8 27.
Qxf6+ Rg7 28. Qd8+ Rg8 29. Bxe5+ 1-0

[Event "C.to Regionale Piemonte"]
[Site "Torino ITA"]
[Date "2004.04.??"]
[Round "6"]
[White "Pepino, Enrico"]
[Black "Vozza, Nicola"]
[Result "1-0"]
[WhiteElo "2074"]
[BlackElo "2054"]
[PlyCount "52"]
[EventDate "2004.04.21"]

1. e4 e5 2. Nf3 Nc6 3. d4 exd4 4. Nxd4 Bc5 5. Be3 Qf6 6. c3 Nge7 7. Bc4 Ne5 8.
Be2 d5 9. f4 Qh4+ 10. g3 Qh6 11. Bf2 dxe4 12. fxe5 e3 13. Bg1 Bh3 14. Qd3 Bxd4
15. cxd4 Nf5 16. Nc3 g6 17. Bf3 c6 18. Ke2 O-O-O 19. Bxe3 Qg7 20. Ne4 Rhe8 21.
Rac1 Rxe5 22. Rxc6+ Kb8 23. Rc8+ Rxc8 24. dxe5 Nxe3 25. Kxe3 Re8 26. Qd6+ Ka8
1-0

[Event "C.to Regionale Piemonte"]
[Site "Torino ITA"]
[Date "2004.04.??"]
[Round "6"]
[White "Ranieri, Fabrizio"]
[Black "Lissandrello, Luca"]
[Result "1-0"]
[WhiteElo "2216"]
[BlackElo "1598"]
[PlyCount "89"]
[EventDate "2004.04.21"]

1. e4 c5 2. Nf3 Nc6 3. d4 cxd4 4. Nxd4 e5 5. Nb5 d6 6. N1c3 a6 7. Na3 b5 8. Nd5
Nf6 9. Nxf6+ Qxf6 10. c3 Bb7 11. Nc2 Be7 12. Ne3 Nd8 13. Nd5 Bxd5 14. Qxd5 Rc8
15. a4 O-O 16. axb5 Rc5 17. Qd1 axb5 18. Be3 Rc8 19. Bxb5 Qg6 20. Qf3 Rb8 21.
c4 f5 22. exf5 Rxf5 23. Qd5+ Kh8 24. O-O Ne6 25. Ra7 Rf7 26. Bd7 Nf4 27. Bxf4
exf4 28. Be6 f3 29. g3 Rbf8 30. Bxf7 Rxf7 31. Re1 h5 32. Ra8+ Bf8 33. Qe6 Qf5
34. Qxf5 Rxf5 35. Ree8 Kg8 36. Kf1 g5 37. Rxf8+ Rxf8 38. Rxf8+ Kxf8 39. Ke1 Ke7
40. Kd2 Ke6 41. Ke3 Ke5 42. b4 g4 43. Kd3 Ke6 44. Ke4 Kd7 45. Kf5 1-0

[Event "C.to Regionale Piemonte"]
[Site "Torino ITA"]
[Date "2004.04.??"]
[Round "6"]
[White "Xausa, Flavio"]
[Black "Racioppo, Paolo"]
[Result "1/2-1/2"]
[WhiteElo "1880"]
[BlackElo "2218"]
[PlyCount "58"]
[EventDate "2004.04.21"]

1. e4 c5 2. Nf3 a6 3. d3 d6 4. g3 g6 5. Bg2 Bg7 6. O-O e5 7. c3 Nc6 8. a4 Nge7
9. Na3 Rb8 10. Be3 O-O 11. d4 cxd4 12. cxd4 Bg4 13. d5 Nd4 14. Nc2 Nxf3+ 15.
Bxf3 Bh3 16. Bg2 Bxg2 17. Kxg2 f5 18. f3 Rc8 19. Na3 Qd7 20. a5 fxe4 21. fxe4
Rxf1 22. Kxf1 h6 23. Kg2 Kh7 24. b3 Ng8 25. Nc4 Rf8 26. Qd3 Nf6 27. Rf1 Rf7 28.
Rf2 Bf8 29. h3 Bg7 1/2-1/2

[Event "IV Festival A"]
[Site "Savigliano ITA"]
[Date "2004.05.??"]
[Round "1"]
[White "Sola, Giuseppe"]
[Black "Astengo, Marcello"]
[Result "1-0"]
[WhiteElo "1825"]
[BlackElo "2069"]
[PlyCount "45"]
[EventDate "2004.05.27"]

1. e4 e6 2. d4 d5 3. Nc3 Nf6 4. Bg5 Bb4 5. e5 h6 6. Bd2 Bxc3 7. bxc3 Ne4 8. Bd3
Nxd2 9. Qxd2 c5 10. f4 Qh4+ 11. g3 Qe7 12. Nf3 Nc6 13. O-O O-O 14. Rf2 a6 15.
Rg2 c4 16. Be2 Qa3 17. g4 Na7 18. Rg3 Nb5 19. Nh4 Bd7 20. f5 Qe7 21. f6 gxf6
22. Qxh6 fxe5 23. Nf5 1-0

[Event "IV Festival A"]
[Site "Savigliano ITA"]
[Date "2004.05.??"]
[Round "2"]
[White "Muha, Zdravko"]
[Black "Sola, Giuseppe"]
[Result "0-1"]
[WhiteElo "2100"]
[BlackElo "1825"]
[PlyCount "101"]
[EventDate "2004.05.27"]

1. d4 d5 2. Bg5 Qd6 3. c3 e6 4. e3 Nd7 5. Nd2 Ngf6 6. f4 Be7 7. Bd3 b6 8. Ngf3
Bb7 9. Ne5 Ne4 10. Bxe7 Kxe7 11. O-O f5 12. Nxe4 dxe4 13. Be2 Nxe5 14. fxe5 Qd7
15. Qb3 Rhe8 16. Bb5 c6 17. Be2 g6 18. a4 Qc7 19. a5 Kf7 20. a6 Bc8 21. g4 Kg7
22. Qd1 Qe7 23. Qe1 c5 24. Rc1 Bd7 25. Qg3 Kh8 26. Rcd1 Rad8 27. Rd2 Bc6 28.
Rfd1 Ba4 29. Rf1 Bc6 30. h4 Rf8 31. g5 cxd4 32. Rxd4 Rxd4 33. exd4 Qd7 34. Qe3
Bb5 35. Rf4 Bxe2 36. Qxe2 Qa4 37. h5 Qe8 38. h6 Qd8 39. Qg2 Kg8 40. Kh2 Qd5 41.
Qe2 Rc8 42. Rf1 b5 43. Qe3 Rc4 44. b3 Rc6 45. Rf2 Qxb3 46. d5 Rxc3 47. Qf4 Qxd5
48. Rd2 Rd3 49. Rc2 Qb3 50. Qf2 e3 51. Qg2 0-1

[Event "IV Festival A"]
[Site "Savigliano ITA"]
[Date "2004.05.??"]
[Round "3"]
[White "Pepino, Enrico"]
[Black "Godena, Michele"]
[Result "0-1"]
[WhiteElo "2074"]
[BlackElo "2533"]
[PlyCount "52"]
[EventDate "2004.05.27"]

1. e4 e5 2. Nf3 Nc6 3. d4 exd4 4. Nxd4 Bc5 5. Be3 Qf6 6. c3 Nge7 7. Bc4 b6 8.
O-O Bb7 9. Nb5 O-O-O 10. Bxc5 bxc5 11. Bd5 a6 12. a4 axb5 13. axb5 Ne5 14.
Bxb7+ Kxb7 15. Ra6 Qf4 16. Nd2 Ra8 17. Qa4 Qxd2 18. Ra1 Rab8 19. Ra7+ Kc8 20.
Ra8 N7c6 21. bxc6 Qxb2 22. cxd7+ Nxd7 23. Rd1 Rd8 24. e5 Rxa8 25. Qxa8+ Nb8 26.
Rxd8+ Kxd8 0-1

[Event "IV Festival A"]
[Site "Savigliano ITA"]
[Date "2004.05.??"]
[Round "5"]
[White "De Santis, Alessio"]
[Black "Godena, Michele"]
[Result "0-1"]
[WhiteElo "2276"]
[BlackElo "2533"]
[PlyCount "60"]
[EventDate "2004.05.27"]

1. d4 d5 2. c4 e6 3. Nc3 c6 4. e3 Nf6 5. Nf3 a6 6. b3 Bb4 7. Bd2 Nbd7 8. Bd3
O-O 9. Qc2 Bd6 10. e4 dxc4 11. bxc4 e5 12. d5 Nc5 13. O-O Bg4 14. Ne1 Rc8 15.
f3 Bd7 16. Qb1 cxd5 17. cxd5 b5 18. Be2 Nh5 19. g3 f5 20. Ng2 fxe4 21. fxe4
Rxf1+ 22. Bxf1 Nf6 23. a3 Bc7 24. Ra2 Ba5 25. Kh1 Qc7 26. Ne3 Bxc3 27. Bxc3
Ncxe4 28. Ba1 Nc3 29. Bxc3 Qxc3 30. Bd3 e4 0-1

[Event "Open Iudiclub Gennaio"]
[Site "Milano ITA"]
[Date "2004.01.03"]
[Round "1"]
[White "Volpe, Antonio"]
[Black "Corti, Corrado"]
[Result "1/2-1/2"]
[WhiteElo "1528"]
[BlackElo "2021"]
[PlyCount "45"]
[EventDate "2004.01.03"]

1. b4 e5 2. Bb2 d6 3. e3 Nf6 4. Be2 Be7 5. c4 O-O 6. Nf3 e4 7. Nd4 c5 8. Nc2
cxb4 9. Nxb4 Qb6 10. a3 a5 11. Bd4 Qc7 12. Nd5 Nxd5 13. cxd5 Na6 14. Nc3 Bf5
15. Rc1 Rfc8 16. O-O Nc5 17. Bg4 Qd7 18. Be2 Qd8 19. Kh1 Bf6 20. Bg4 Bxg4 21.
Qxg4 Nd3 22. Bxf6 Qxf6 23. Nxe4 1/2-1/2

[Event "Open Iudiclub Gennaio"]
[Site "Milano ITA"]
[Date "2004.01.04"]
[Round "3"]
[White "Fornasir, Carlo Gustavo"]
[Black "Corti, Corrado"]
[Result "0-1"]
[WhiteElo "1633"]
[BlackElo "2021"]
[PlyCount "38"]
[EventDate "2004.01.03"]

1. e4 c6 2. d4 d5 3. Nc3 dxe4 4. Nxe4 Bf5 5. Ng3 Bg6 6. Nf3 Nf6 7. Bd3 e6 8.
O-O Nbd7 9. Re1 Be7 10. c3 Qc7 11. Qc2 O-O-O 12. Bd2 Nh5 13. Nxh5 Bxh5 14. Ne5
Nxe5 15. Rxe5 Bg6 16. Bf4 Bd6 17. Bg3 Bxd3 18. Qxd3 Bxe5 19. Bxe5 Qxe5 0-1

[Event "Open Iudiclub Gennaio"]
[Site "Milano ITA"]
[Date "2004.01.05"]
[Round "4"]
[White "Corti, Corrado"]
[Black "Vittadini, Attilio"]
[Result "1/2-1/2"]
[WhiteElo "2021"]
[BlackElo "1684"]
[PlyCount "132"]
[EventDate "2004.01.03"]

1. d4 Nf6 2. g3 e6 3. Bg2 c5 4. e3 Nc6 5. Nf3 d5 6. O-O cxd4 7. exd4 Be7 8. c3
O-O 9. Nbd2 b6 10. Re1 Qc7 11. Nf1 Ne4 12. Bf4 Bd6 13. Bxd6 Nxd6 14. Ne5 Nc4
15. Nxc4 dxc4 16. Qa4 Bb7 17. Qxc4 Rac8 18. Qe2 Ne7 19. Bxb7 Qxb7 20. Qe4 Qd7
21. Nd2 Rfd8 22. Nf3 Qd5 23. Qxd5 Nxd5 24. Re5 b5 25. a3 h6 26. Rae1 a5 27. Kg2
b4 28. axb4 axb4 29. cxb4 Nxb4 30. Rb5 Nd5 31. Re2 Kf8 32. Rb7 Rc7 33. Rxc7
Nxc7 34. Rc2 Nb5 35. Rc4 Ke7 36. Rb4 Nd6 37. Ne5 Rc8 38. Kf3 f6 39. Nd3 Rd8 40.
Nc5 Kf7 41. Nb7 Rd7 42. Nxd6+ Rxd6 43. Rb7+ Kg6 44. Ke3 f5 45. b4 Kf6 46. h4
Ra6 47. b5 Ra3+ 48. Kd2 Ra2+ 49. Kc3 Rxf2 50. Kc4 Rf3 51. b6 Rxg3 52. Ra7 Rg1
53. Ra3 Rc1+ 54. Rc3 Rb1 55. Rb3 Rc1+ 56. Kb5 Rc8 57. b7 Rb8 58. Kc6 g5 59. Kc7
Rxb7+ 60. Rxb7 g4 61. Kd6 f4 62. Re7 g3 63. Rxe6+ Kf5 64. Re5+ Kg4 65. Re8 g2
66. Ke5 f3 1/2-1/2

[Event "Open Iudiclub Gennaio"]
[Site "Milano ITA"]
[Date "2004.01.06"]
[Round "5"]
[White "Sartorio, Diego"]
[Black "Corti, Corrado"]
[Result "1/2-1/2"]
[WhiteElo "1988"]
[BlackElo "2021"]
[PlyCount "59"]
[EventDate "2004.01.03"]

1. e4 c6 2. d4 d5 3. Nc3 dxe4 4. Nxe4 Bf5 5. Ng3 Bg6 6. h4 h6 7. Nf3 e6 8. h5
Bh7 9. Bd3 Bxd3 10. Qxd3 Nf6 11. Bd2 Bd6 12. Ne4 Nxe4 13. Qxe4 Nd7 14. O-O-O
Nf6 15. Qe2 Qc7 16. g3 O-O-O 17. Kb1 Rhe8 18. Ne5 Bxe5 19. dxe5 Nd5 20. Rhe1
Ne7 21. g4 Rd7 22. Bb4 Rxd1+ 23. Rxd1 c5 24. Qb5 Nc6 25. Qxc5 Qxe5 26. Qxe5
Nxe5 27. Bc3 Nxg4 28. Bxg7 Rg8 29. Bd4 b6 30. c3 1/2-1/2

[Event "VII Weekend A"]
[Site "Padova ITA"]
[Date "2004.12.11"]
[Round "1"]
[White "Belloni, Umberto"]
[Black "Quaranta, Cristiano"]
[Result "0-1"]
[WhiteElo "1950"]
[BlackElo "2091"]
[PlyCount "94"]
[EventDate "2004.12.11"]

1. d4 Nf6 2. e3 g6 3. Bd3 Bg7 4. f4 d5 5. Nf3 O-O 6. O-O b6 7. Qe2 Bb7 8. Nbd2
Ne4 9. c3 Nd7 10. Bxe4 dxe4 11. Ng5 Nf6 12. Nh3 e6 13. Nf2 a5 14. Re1 Qd5 15.
Nf1 a4 16. Ng3 b5 17. Rd1 Rfd8 18. Bd2 Ba6 19. Qe1 Bb7 20. Qe2 Rab8 21. Rdc1
Qc4 22. Qd1 Bd5 23. b3 axb3 24. axb3 Qxb3 25. Qxb3 Bxb3 26. Ngxe4 Nxe4 27. Nxe4
Ra8 28. Be1 Bf8 29. Nd2 Ba4 30. Rab1 Ba3 31. Ne4 Bxc1 32. Rxc1 Bb3 33. Nd2 Bc4
34. Kf2 Ra2 35. e4 Rda8 36. Kf3 Ra1 37. Rxa1 Rxa1 38. Kf2 Rc1 39. Nxc4 bxc4 40.
h3 Kf8 41. Bd2 Rc2 42. Ke3 Ke7 43. g4 Kd6 44. h4 f5 45. gxf5 gxf5 46. Be1 fxe4
47. Bg3 Rxc3+ 0-1

[Event "VII Weekend A"]
[Site "Padova ITA"]
[Date "2004.12.11"]
[Round "1"]
[White "Bracaglia, Carlo"]
[Black "Renier, Renzo"]
[Result "1-0"]
[WhiteElo "2169"]
[BlackElo "1987"]
[PlyCount "59"]
[EventDate "2004.12.11"]

1. e4 c5 2. Nf3 Nc6 3. d4 cxd4 4. Nxd4 Nf6 5. Nc3 e5 6. Ndb5 d6 7. Bg5 a6 8.
Na3 b5 9. Nd5 Be7 10. Bxf6 Bxf6 11. c3 O-O 12. Nc2 Be6 13. a4 Bxd5 14. exd5 Na7
15. Be2 Qb6 16. axb5 Nxb5 17. O-O a5 18. Ne3 Qc5 19. Qa4 Nc7 20. Qc6 Qxc6 21.
dxc6 Rfb8 22. b4 e4 23. Rxa5 Bxc3 24. Rxa8 Rxa8 25. b5 Rb8 26. Rb1 Bd4 27. Rb4
Bc5 28. Rxe4 g6 29. Re7 Rc8 30. Rxc7 1-0

[Event "VII Weekend A"]
[Site "Padova ITA"]
[Date "2004.12.11"]
[Round "1"]
[White "Cecchetto, Vanni"]
[Black "Navarro, Stefano"]
[Result "0-1"]
[WhiteElo "1989"]
[BlackElo "2177"]
[PlyCount "58"]
[EventDate "2004.12.11"]

1. Nf3 d5 2. d4 e6 3. c4 c6 4. Nc3 Nf6 5. Bg5 dxc4 6. a4 Bb4 7. Qc2 Nbd7 8. e3
b5 9. Be2 Qb6 10. O-O O-O 11. Nd2 h6 12. Bh4 Bb7 13. Bf3 a6 14. Bg3 Rfe8 15.
Nde4 Nxe4 16. Qxe4 Nf6 17. Qe5 Rac8 18. Bh4 Be7 19. Rfd1 Rcd8 20. Qg3 g5 21.
Bxg5 hxg5 22. Qxg5+ Kh8 23. d5 cxd5 24. Rd4 Nh7 25. Qh5 f5 26. Rad1 Bf6 27. Rf4
Rg8 28. Kh1 b4 29. Ne2 c3 0-1

[Event "VII Weekend A"]
[Site "Padova ITA"]
[Date "2004.12.11"]
[Round "1"]
[White "Gennari, Leone"]
[Black "Dervishi, Erald"]
[Result "0-1"]
[WhiteElo "2079"]
[BlackElo "2502"]
[PlyCount "48"]
[EventDate "2004.12.11"]

1. d4 Nf6 2. c4 e6 3. Nf3 d5 4. Nc3 Be7 5. Bf4 O-O 6. e3 c5 7. dxc5 Bxc5 8.
cxd5 Nxd5 9. Nxd5 exd5 10. a3 Nc6 11. b4 Be7 12. Qb3 a5 13. b5 a4 14. Qd3 Na5
15. Nd4 Nb3 16. Nxb3 axb3 17. Be5 Bf6 18. Bd4 Qa5+ 19. Qd2 Bxd4 20. exd4 Re8+
21. Kd1 b2 22. Rb1 Qa4+ 23. Qc2 Re1+ 24. Kd2 Qa5+ 0-1